| 000 | 00385nam a22001577a 4500 | ||
|---|---|---|---|
| 003 | NUST - PNEC | ||
| 005 | 20170116181041.0 | ||
| 008 | 150922b xxu||||| |||| 00| 0 eng d | ||
| 040 | _cLIBRARY | ||
| 082 | _a621.4022 JIJ | ||
| 100 |
_911603 _a Jiji, Latif M |
||
| 245 |
_aHeat conduction _cLatif M Jiji |
||
| 260 | _c2003 | ||
| 650 |
_911559 _aHeat--Conduction _xME |
||
| 942 |
_2ddc _cBK |
||
| 999 |
_c68103 _d68103 |
||